[Event "21st TCh-RUS 2014"]
[Site "Loo RUS"]
[Date "2014.04.13"]
[Round "7.5"]
[Board "3"]
[White "Rozum, Ivan"]
[Black "Sivuk, Vitaly"]
[Result "1-0"]
[WhiteTitle "IM"]
[BlackTitle "IM"]
[WhiteElo "2532"]
[BlackElo "2519"]
[WhiteTeam "SDYUSSHOR SHSH Chigorin Chess Club"]
[BlackTeam "Turbopump (Voronezh region)"]
[WhiteFideId "24104272"]
[BlackFideId "14116502"]
[EventDate "2014.04.07"]

1. d4 Nf6 2. c4 e6 3. Nf3 b6 4. e3 Bb7 5. Bd3 d5 6. b3 Nbd7 7. O-O Bd6 8. Bb2
O-O 9. Nc3 a6 10. cxd5 exd5 11. Ne2 Re8 12. Ng3 g6 13. Rc1 Qe7 14. Qc2 Rac8 15.
Qe2 Ne4 16. Rc2 Nxg3 17. hxg3 a5 18. Rfc1 c6 19. g4 Rc7 20. Bb5 Nb8 21. Bd3 Nd7
22. g3 Nf8 23. Ne5 c5 24. Bb5 Rec8 25. Nf3 Ne6 26. Ba6 cxd4 27. Bxb7 Rxc2 28.
Rxc2 Qxb7 29. Nxd4 Rxc2 30. Qxc2 Qc7 31. Qd3 Be5 32. Nb5 Qb8 33. Bc3 Bxg3 34.
Qxd5 Bc7 35. a4 Kf8 36. Nxc7 Qxc7 37. Be5 Qd8 38. Qxd8+ Nxd8 39. Bc7 Nb7 40.
Bxb6 Ke7 41. Bd4 Kd6 42. Bc3 Kd5 43. Kg2 Nc5 44. Bxa5 Nxb3 45. Bb6 Nd2 46. g5
Ne4 47. Bd8 Kc6 48. a5 Nc5 49. Bb6 Nd7 50. Bd8 Nc5 51. f4 Nb7 52. Bb6 Nd6 53.
Kf3 Nf5 54. e4 Ng7 55. Ke3 Ne6 56. Bd4 Kb5 57. Bc3 Kc4 58. Be1 Kc5 59. Bd2 Kb5
60. Kd3 Nc5+ 61. Kd4 Nb3+ 62. Ke3 Nc5 63. f5 Nd7 64. Bc3 Kc4 65. Bf6 Kb5 66. Bd8
Ne5 67. Bc7 Nd7 68. Bd8 Ne5 69. Bc7 Nd7 70. Kf4 Kc6 71. Be5 Kb5 72. Bc3 Kc4 73.
Bd2 Kb5 74. f6 Kc6 75. Bb4 Nb8 76. e5 Kd5 77. Bd6 Nd7 78. a6 Nb6 79. a7 Na8 80.
Be7 1-0

[Event "21st TCh-RUS 2014"]
[Site "Loo RUS"]
[Date "2014.04.13"]
[Round "7.5"]
[Board "4"]
[White "Demidov, Mikhail"]
[Black "Makarov, Marat"]
[Result "1-0"]
[WhiteTitle "IM"]
[BlackTitle "GM"]
[WhiteElo "2498"]
[BlackElo "2511"]
[WhiteTeam "Turbopump (Voronezh region)"]
[BlackTeam "SDYUSSHOR SHSH Chigorin Chess Club"]
[WhiteFideId "4197143"]
[BlackFideId "4101103"]
[EventDate "2014.04.07"]

1. Nc3 g6 2. e4 c5 3. Nf3 Bg7 4. d4 cxd4 5. Nxd4 Nc6 6. Be3 Nf6 7. f3 O-O 8. Bc4
Qb6 9. Bb3 Nxe4 10. Nd5 Qa5+ 11. c3 Nf6 12. Nxc6 dxc6 13. Nxe7+ Kh8 14. Nxc8
Raxc8 15. O-O Rcd8 16. Qc2 Nd5 17. Bf2 Nf4 18. Kh1 f5 19. Rfd1 a6 20. Bc4 Bf6
21. Qb3 b5 22. Bf1 Kg7 23. g3 Nd5 24. a4 b4 25. c4 Ne7 26. c5 Nd5 27. Bc4 Rf7
28. Rd2 Rfd7 29. Rad1 Nb6 30. Rxd7+ Nxd7 31. Qc2 Nxc5 32. Rxd8 Bxd8 33. Qd2 Bf6
34. Qd6 Qxa4 35. Bxc5 Qa1+ 36. Kg2 Qxb2+ 37. Kh3 Kh6 38. Qf4+ Kg7 39. Qc7+ Kh6
40. Bf8+ Bg7 41. Qf4+ 1-0

[Event "21st TCh-RUS 2014"]
[Site "Loo RUS"]
[Date "2014.04.13"]
[Round "7.5"]
[Board "5"]
[White "Ionov, Sergey"]
[Black "Zhurikhin, Alexander"]
[Result "1-0"]
[WhiteTitle "GM"]
[BlackTitle "FM"]
[WhiteElo "2538"]
[BlackElo "2335"]
[WhiteTeam "SDYUSSHOR SHSH Chigorin Chess Club"]
[BlackTeam "Turbopump (Voronezh region)"]
[WhiteFideId "4100875"]
[BlackFideId "4139569"]
[EventDate "2014.04.07"]

1. Nf3 Nf6 2. d4 b6 3. g3 Bb7 4. Bg2 g6 5. c4 Bg7 6. O-O O-O 7. Qc2 c5 8. d5 b5
9. cxb5 d6 10. e4 a6 11. b6 Nbd7 12. Nc3 Nxb6 13. Rd1 Ne8 14. Bf4 Nc7 15. h4 Nb5
16. Ne2 a5 17. Rac1 a4 18. Qd2 Re8 19. Bh6 Bh8 20. h5 Nd7 21. hxg6 hxg6 22. Ng5
Nf6 23. Qf4 Qb6 24. Bf3 Nd4 25. Nxd4 cxd4 26. Kg2 Rac8 27. Rh1 Rxc1 28. Qxc1 Rc8
29. Qf4 Rc2 30. Qh4 d3 31. g4 Qxb2 32. Bd1 Rd2 33. Nf3 Rxd1 34. Rxd1 Nxe4 35.
Rxd3 Qxa2 36. Be3 Nf6 37. Bd4 Bxd5 38. g5 Qe2 39. Re3 Bxf3+ 40. Rxf3 e5 41. gxf6
exd4 42. Rh3 Qh5 43. Qe4 Qg5+ 44. Kh1 Qc1+ 45. Kh2 Qc8 46. Qh4 1-0

[Event "21st TCh-RUS 2014"]
[Site "Loo RUS"]
[Date "2014.04.13"]
[Round "7.5"]
[Board "6"]
[White "Aminov, Andrey"]
[Black "Alekseenko, Kirill"]
[Result "1-0"]
[BlackTitle "FM"]
[WhiteElo "2176"]
[BlackElo "2462"]
[WhiteTeam "Turbopump (Voronezh region)"]
[BlackTeam "SDYUSSHOR SHSH Chigorin Chess Club"]
[WhiteFideId "24162728"]
[BlackFideId "4135539"]
[EventDate "2014.04.07"]

1. e4 c5 2. Nf3 Nc6 3. Bb5 e6 4. Bxc6 bxc6 5. d3 Ne7 6. Qe2 d5 7. O-O Ng6 8. e5
Be7 9. c4 O-O 10. b3 f6 11. Bb2 Qc7 12. Re1 a5 13. Nc3 Nf4 14. Qf1 fxe5 15. Na4
e4 16. dxe4 Ng6 17. Qd3 Ba6 18. Ba3 Rad8 19. exd5 cxd5 20. Qe3 Bc8 21. Bxc5 Rxf3
22. gxf3 Bxc5 23. Nxc5 Qf7 24. Rad1 Nh4 25. f4 Qh5 26. Rd3 e5 27. Qxe5 Qg4+ 28.
Kf1 Qg2+ 29. Ke2 Bg4+ 30. Ke3 Qf3+ 31. Kd2 Qxf2+ 32. Kc1 Ng6 33. Qe3 Qxa2 34.
Rxd5 Qa1+ 35. Kc2 Qa2+ 36. Kc3 Rxd5 37. cxd5 Bf5 38. Qd2 Qa3 39. Qe3 h6 40. Rc1
Qb4+ 41. Kb2 Qb6 42. Qd4 Qd6 43. Rc4 Kh7 44. Ne4 Qd8 45. d6 a4 46. Rc7 Qf8 47.
Nf6+ Kh8 48. d7 1-0

[Event "21st TCh-RUS 2014"]
[Site "Loo RUS"]
[Date "2014.04.13"]
[Round "7.6"]
[Board "1"]
[White "Chernobay, Artem"]
[Black "Belyakov, Bogdan"]
[Result "1/2-1/2"]
[WhiteTitle "GM"]
[BlackTitle "IM"]
[WhiteElo "2501"]
[BlackElo "2444"]
[WhiteTeam "Moscow region"]
[BlackTeam "Yamal"]
[WhiteFideId "4167406"]
[BlackFideId "24104795"]
[EventDate "2014.04.07"]

1. e4 e5 2. Nf3 Nc6 3. Bb5 Nf6 4. O-O Nxe4 5. Re1 Nd6 6. Nxe5 Nxe5 7. Rxe5+ Be7
8. Bf1 O-O 9. d4 Bf6 10. Re1 Re8 11. c3 Rxe1 12. Qxe1 Qe8 13. Qd1 b6 14. Bf4 Qe7
15. Qf3 Rb8 16. Nd2 Bg5 17. Bxd6 cxd6 18. Ne4 Bb7 19. Re1 Bxe4 20. Rxe4 Qf8 21.
Qf5 Bc1 22. b3 Re8 23. Bd3 Rxe4 24. Bxe4 g6 25. Qxd7 Bd2 26. Bd5 Bxc3 27. Bxf7+
Qxf7 28. Qc8+ Kg7 29. Qxc3 Qf5 30. h3 Qb1+ 31. Kh2 Qxa2 32. d5+ Kg8 33. Qc8+ Kg7
34. Qd7+ Kg8 35. Qxd6 Qxf2 36. Qe5 Qf5 37. Qb8+ Qf8 38. Qc7 Qf7 39. d6 Qf4+ 40.
Kg1 Qd4+ 1/2-1/2

[Event "21st TCh-RUS 2014"]
[Site "Loo RUS"]
[Date "2014.04.13"]
[Round "7.6"]
[Board "2"]
[White "Goryachkina, Aleksandra"]
[Black "Nozdrachev, Vladislav"]
[Result "1/2-1/2"]
[WhiteTitle "WGM"]
[BlackTitle "IM"]
[WhiteElo "2423"]
[BlackElo "2491"]
[WhiteTeam "Yamal"]
[BlackTeam "Moscow region"]
[WhiteFideId "4147103"]
[BlackFideId "24113441"]
[EventDate "2014.04.07"]

1. d4 Nf6 2. c4 e6 3. g3 Bb4+ 4. Bd2 c5 5. Bxb4 cxb4 6. Bg2 O-O 7. e3 d6 8. Ne2
Nc6 9. O-O e5 10. a3 Qb6 11. axb4 Qxb4 12. Qc2 Bg4 13. f3 Bd7 14. Qc3 Qb6 15.
Nd2 exd4 16. Nxd4 Rfe8 17. Rfe1 Rac8 18. Nxc6 Rxc6 19. Qd4 d5 20. cxd5 Qxd4 21.
exd4 Rxe1+ 22. Rxe1 Rc2 23. Ne4 Nxd5 24. Nc5 Bc6 25. Nxb7 Rxb2 26. Na5 Bb5 27.
f4 Nc3 28. d5 Kf8 29. Nc6 a6 30. Nd4 Rd2 31. Nb3 Rb2 32. Nd4 g6 33. Rc1 Rd2 34.
Rxc3 Rxd4 35. Rc7 Rd1+ 36. Kf2 Rd2+ 37. Kg1 h6 38. Rb7 Bc4 39. Ra7 Kg7 40. Bf3
Kf6 41. Rc7 Bb5 42. Rb7 Ra2 43. Bg4 Rd2 44. Rb6+ Ke7 1/2-1/2

[Event "21st TCh-RUS 2014"]
[Site "Loo RUS"]
[Date "2014.04.13"]
[Round "7.6"]
[Board "3"]
[White "Sarana, Alexey"]
[Black "Sergeyev, Alexander"]
[Result "1-0"]
[BlackTitle "FM"]
[WhiteElo "2372"]
[BlackElo "2403"]
[WhiteTeam "Moscow region"]
[BlackTeam "Yamal"]
[WhiteFideId "24133795"]
[BlackFideId "13702076"]
[EventDate "2014.04.07"]

1. d4 d5 2. c4 c6 3. Nf3 Nf6 4. Nc3 e6 5. Bg5 Nbd7 6. cxd5 exd5 7. e3 Be7 8. Bd3
O-O 9. O-O Re8 10. Qc2 Nf8 11. Rab1 a5 12. a3 Bd6 13. h3 h6 14. Bh4 g5 15. Bg3
Bxg3 16. fxg3 Rxe3 17. Qd2 Qe7 18. Ne5 Rxe5 19. dxe5 N6d7 20. Rbe1 b5 21. Qf2 b4
22. Nd1 Nc5 23. Bb1 Ba6 24. Ne3 Bxf1 25. Nf5 Qe6 26. Qxc5 Bb5 27. axb4 axb4 28.
Ne7+ Kg7 29. Bf5 Nd7 30. Qxb4 Ra4 31. Bxe6 Rxb4 32. Bxd7 Rxb2 33. Bxc6 Kf8 34.
Bxb5 Kxe7 35. Be2 d4 36. Bg4 d3 37. Rd1 Rb5 38. Rxd3 Rxe5 39. Kf2 Kf6 40. Bh5
Kg7 41. Rd7 Rf5+ 42. Ke3 Rf6 43. Ke4 Re6+ 44. Kd4 Rf6 45. Bf3 Rf5 46. Bd5 Kf8
47. Ke4 Rf6 48. Ke5 Kg7 49. Ra7 Kg6 50. Rb7 Kg7 51. Rc7 Rf1 52. Bf3 Re1+ 53. Kf5
Rf1 54. Kg4 Ra1 55. Kh5 Ra5 56. Rd7 Ra6 57. Bd5 Rf6 58. Rxf7+ 1-0

[Event "21st TCh-RUS 2014"]
[Site "Loo RUS"]
[Date "2014.04.13"]
[Round "7.6"]
[Board "4"]
[White "Okara, Andrey"]
[Black "Nozdrachev, Leonid"]
[Result "1/2-1/2"]
[WhiteTitle "IM"]
[BlackTitle "FM"]
[WhiteElo "2347"]
[BlackElo "2413"]
[WhiteTeam "Yamal"]
[BlackTeam "Moscow region"]
[WhiteFideId "4181360"]
[BlackFideId "24113433"]
[EventDate "2014.04.07"]

1. e4 c5 2. Nf3 d6 3. d4 cxd4 4. Nxd4 Nf6 5. Nc3 a6 6. f4 e5 7. Nf3 Nbd7 8. Bd3
Be7 9. O-O exf4 10. Bxf4 Nc5 11. Qe1 O-O 12. Kh1 Be6 13. Nd4 Qd7 14. Rd1 Nxd3
15. Rxd3 Bc4 16. Nf5 Bxd3 17. cxd3 Kh8 18. Be3 Ne8 19. Nd5 Bd8 20. Qd1 Rc8 21.
Rf3 f6 22. Bd4 Qf7 23. Bc3 Rc5 24. Rh3 g6 25. Nfe3 Nc7 26. Rf3 Nxd5 27. Nxd5
Rxd5 28. exd5 Qxd5 29. a3 Kg8 30. Qe2 f5 31. Re3 Bf6 32. Bxf6 Rxf6 33. h3 f4 34.
Re8+ Kg7 35. Re7+ Rf7 36. Re4 Qf5 37. a4 f3 38. Qxf3 Qxf3 39. gxf3 Rxf3 40. Kg2
Rxd3 41. Re7+ Kf6 42. Rxb7 h5 43. Rb6 Ke5 44. b4 Rd4 45. Kf3 g5 46. a5 Rc4 47.
Rxa6 Rxb4 48. Ra8 Rb3+ 49. Kg2 Ra3 50. a6 Kd4 51. a7 d5 52. Kh2 Ra1 53. Kg2 Ra6
54. Kg3 Ra2 55. Kf3 Ra3+ 56. Kg2 g4 57. hxg4 hxg4 58. Kf2 Rf3+ 59. Kg2 Rf7 60.
Kg3 Rg7 61. Kf2 Rd7 62. Kg3 Rg7 63. Kf2 Re7 64. Kg3 Ke4 65. Kxg4 d4 66. Kg5 d3
67. Kf6 Rxa7 68. Rxa7 d2 1/2-1/2

[Event "21st TCh-RUS 2014"]
[Site "Loo RUS"]
[Date "2014.04.13"]
[Round "7.6"]
[Board "5"]
[White "Klyuev, Alexander S."]
[Black "Savitskiy, Sergey"]
[Result "1-0"]
[BlackTitle "FM"]
[WhiteElo "2260"]
[BlackElo "2356"]
[WhiteTeam "Moscow region"]
[BlackTeam "Yamal"]
[WhiteFideId "4194250"]
[BlackFideId "24105660"]
[EventDate "2014.04.07"]

1. e4 c5 2. Nf3 d6 3. d4 cxd4 4. Nxd4 Nf6 5. Nc3 Nc6 6. Be2 g6 7. Be3 Bg7 8. Qd2
O-O 9. O-O-O Bd7 10. h4 h5 11. f3 Rc8 12. Kb1 Ne5 13. Bh6 Bxh6 14. Qxh6 Rxc3 15.
bxc3 Qc7 16. g4 Qxc3 17. gxh5 Qb4+ 18. Ka1 Nxh5 19. Rhg1 Rc8 20. Qc1 Rc3 21. f4
Nd3 22. Bxd3 Qxd4 23. Qb2 Nxf4 24. Bb5 Qc5 25. Bxd7 Rxc2 26. Rc1 Rxb2 27. Rxc5
Rb4 28. Rc7 Rxe4 29. Rxb7 a5 30. Rb5 d5 31. Rxa5 d4 32. h5 Kg7 33. hxg6 fxg6 34.
Kb2 e5 35. Bf5 Re2+ 36. Kb3 Kf7 37. Ra7+ Kf6 38. Bxg6 Nxg6 39. Ra6+ Kf5 40.
Raxg6 e4 41. R6g2 Re3+ 42. Kc4 d3 43. Ra1 1-0

[Event "21st TCh-RUS 2014"]
[Site "Loo RUS"]
[Date "2014.04.13"]
[Round "7.6"]
[Board "6"]
[White "Rozhkov, Vecheslav"]
[Black "Ofitserian, Boris"]
[Result "1-0"]
[WhiteElo "2337"]
[BlackElo "2109"]
[WhiteTeam "Yamal"]
[BlackTeam "Moscow region"]
[WhiteFideId "4181484"]
[BlackFideId "24199443"]
[EventDate "2014.04.07"]

1. e4 c5 2. Nf3 d6 3. d4 cxd4 4. Nxd4 Nf6 5. Nc3 a6 6. Be3 e5 7. Nb3 Be7 8. f3
Be6 9. Qd2 O-O 10. O-O-O a5 11. a4 Na6 12. g4 Nb4 13. g5 Nh5 14. Kb1 Rc8 15. Rg1
f6 16. gxf6 Nxf6 17. Nc5 Bf7 18. Bh3 Rc6 19. Ne6 Bxe6 20. Bxe6+ Kh8 21. Bh6 Ne8
22. Qg2 Bf6 23. Bb3 Qe7 24. Ne2 Nxc2 25. Bxc2 gxh6 26. Bb3 Ng7 27. Qg4 Bg5 28.
Rg2 Qf6 29. Rd3 Rcc8 30. Ka2 Rce8 31. Nc3 Qf4 32. Qd7 Rd8 33. Qxb7 Qc1 34. h4
Bf6 35. Nd5 Qf1 36. Rdd2 Rb8 37. Qa7 Qxf3 38. Bd1 Qf1 39. Rgf2 Qc4+ 40. b3 Qxe4
41. Rxf6 Qxh4 42. Rg2 1-0